000 01980nam2a2200349 4500
001 RU\NLR\bibl\2017486
005 20250616214324.0
010 _a5-89469-002-1
_9100
021 _aRU
_b2013-17291
_91220
035 _a(NLR Aleph) 002005861
090 _a4422868
_c4422868
100 _a20130328d2008 |||y0rusy50 ca
101 0 _arus
102 _aRU
105 _aa |||||||||
200 1 _a[Нелинейная планетология. Космические опасности]
210 _d2008
_aБ. м.
215 _a229 с.
_cил., факс., портр., карты
320 _aБиблиогр. в конце тем и практ. работ
461 0 _1001RU\NLR\bibl\2031194
_12001#$aОпасные ситуации природного характера$vЧ. 1
_94495677
_aБаньковский, Л. В. (1938-2011)
_cСоликамск
_d2008
_e2-е изд., доп., испр.
_fЛ.В. Баньковский
_nГОУ ВПО "СГПИ"
_oучебно-методическое пособие
_tОпасные ситуации природного характера
_vЧ. 1
517 0 _aКосмические опасности
606 1 _aМетеоритная опасность
_jУчебно-методические пособия для высших учебных заведений
_92150202
_3RU\NLR\auth\661294982
606 1 _aКосмическое пространство
_jУчебно-методические пособия для высших учебных заведений
_xЗагрязнение
_91384184
_3RU\NLR\auth\66581226
607 _aЗемля, планета
_jУчебно-методические пособия для высших учебных заведений
_xЭволюция
_92281220
_3RU\NLR\auth\661366734
686 _aВ655.43я73-1
686 _aВ657я73-1
686 _aД43я73
801 0 _aRU
_bNLR
_c20130328
_gRCR
801 1 _aRU
_bNLR
_c20130328
942 _cBOOK
980 _aNB